|
|
|
|
| LEADER |
00000nam a2200000 a 4500 |
| 001 |
UCN3300 |
| 003 |
CL-VaPUC |
| 008 |
010622e20010000AG |||||||||||||||||spa|d |
| 082 |
0 |
4 |
|a 030
|b GUI
|2 21
|
| 245 |
1 |
0 |
|a Guinnes World Records 2001
|
| 246 |
1 |
0 |
|a Libro Guinness de los récords 2001
|
| 300 |
|
|
|a 247 p
|
| 942 |
|
|
|c BK
|
| 945 |
|
|
|d 20010622 00:00:00
|a cmena
|
| 260 |
|
|
|a Buenos Aires
|b Planeta
|c 2001
|
| 500 |
|
|
|a Visite página web: www.guinnessworldrecords.com
|
| 650 |
|
7 |
|a CURIOSIDADES
|2 CL-VaPUC
|9 459810
|
| 650 |
|
0 |
|a Enciclopedias
|9 264135
|
| 650 |
|
7 |
|a RECORDS MUNDIALES
|2 CL-VaPUC
|9 459811
|
| 583 |
|
|
|a last modification
|c 20010622 00:00:00
|k Rodrigo Vera
|
| 999 |
|
|
|c 296225
|d 296223
|
| 952 |
|
|
|0 0
|1 0
|4 0
|6 030_000000000000000_GUI_2001
|7 0
|8 X
|9 349851
|a BIBEDU
|b BIBEDU
|d 2019-11-20
|i 3733432
|o 030 GUI 2001
|p 3733432
|r 2023-01-13
|w 2019-11-20
|y BK_X
|k BME
|